000 00600nam a2200205 i 4500
001 bg
100 1 _aKRASOWSKI, Eugeniusz
245 1 0 _aGospodarka energetyczna w rolnictwie /
_cEugeniusz Krasowski, Maria Krasowska.
250 _aWyd. 2 zm. i popr.
260 _aLublin :
_bWydaw. Akademii Rolniczej,
_c1993.
300 _a169 s. :
_brys., wykr. ;
_c25 cm.
504 _aBibliogr. s. 165-167.
650 9 _aRolnictwo
_xenergetyka
_xekonomika
700 1 _aKRASOWSKA, Maria
040 _cBPK
041 0 _apl
080 _a63:620.9
942 _cKS
008 s pl f |000 0 pol
999 _c25045
_d25045
856 _uhttp://koha.tu.koszalin.pl/cgi-bin/koha/opac-detail.pl?biblionumber=25045
_yKatalog online BPK